| 000 | 00624nam a2200229Ia 4500 | ||
|---|---|---|---|
| 003 | OSt | ||
| 005 | 20220918204116.0 | ||
| 006 | a|||||r|||| 00| 0 | ||
| 007 | ta | ||
| 008 | 220917b |||||||| |||| 00| 0 eng d | ||
| 024 | _a111,044 | ||
| 037 | _cTextual | ||
| 040 |
_aARTS _cARTS _beng |
||
| 041 |
_2eng _aeng |
||
| 082 | _aV495:21wN17, L02-;1 | ||
| 100 |
_aPark Chung Hee _9110769 |
||
| 245 | 0 |
_aOur Nations path _b Ideology of social reconstruction |
|
| 260 |
_aNA _bNA _c1970 |
||
| 650 | _aHISTORY | ||
| 942 |
_hV495:21wN17, L02-;1 _cTEXL _2CC |
||
| 999 |
_c234393 _d234393 |
||